Giáo trình đại cương sở hữu trí tuệ và khai thác thông tin sáng chế (Dùng cho các trường đại học Kỹ thuật)

Những kiến thức cơ bản về quyền sở hữu trí tuệ, xác lập quyền sở hữu trí tuệ, biện pháp bảo vệ và chuyển giao quyền sở hữu trí tuệ. Đại cương về chuyển giao công nghệ và khai thác thông tin sáng chế...

Ausführliche Beschreibung

Gespeichert in:
Bibliographische Detailangaben
Format: Buch
Sprache:Undetermined
Veröffentlicht: Hà Nội Bách Khoa Hà Nội 2008
Schlagworte:
Tags: Tag hinzufügen
Keine Tags, Fügen Sie den ersten Tag hinzu!
Thư viện lưu trữ: Trung tâm Học liệu Trường Đại học Cần Thơ
LEADER 01080nam a2200217Ia 4500
001 CTU_176536
008 210402s9999 xx 000 0 und d
020 |c 66000 
082 |a 346.597048 
082 |b Gi108 
245 0 |a Giáo trình đại cương sở hữu trí tuệ và khai thác thông tin sáng chế 
245 0 |b (Dùng cho các trường đại học Kỹ thuật) 
245 0 |c Phan Quốc Nguyên ... [et al.] 
260 |a Hà Nội 
260 |b Bách Khoa Hà Nội 
260 |c 2008 
520 |a Những kiến thức cơ bản về quyền sở hữu trí tuệ, xác lập quyền sở hữu trí tuệ, biện pháp bảo vệ và chuyển giao quyền sở hữu trí tuệ. Đại cương về chuyển giao công nghệ và khai thác thông tin sáng chế 
650 |a Intellectual property,Luật sở hữu trí tuệ 
650 |z Vietnam,Việt Nam 
910 |a Nguyên 
980 |a Trung tâm Học liệu Trường Đại học Cần Thơ